• 首页
  • 本馆介绍
  • 公告通知
  • 最新文献
  • 馆藏检索
  • 电子资源
  • 读者导购
  • 参考咨询
  • 我的图书馆
  • 登录
  • 详细信息显示
  • 放入我的书架
  • 预约/预借图书
  • 作者相关作品
  • 分类相关作品
  • 丛书相关作品
  • 出版社相关作品

书目信息

  • 表格格式
  • 工作单格式
  • 卡片格式
题名:
蜀水经
    
 
作者: 李元 撰
分册: 上册  
出版信息: 成都   巴蜀书社  1985
页数: 1册
开本: 19cm
丛书名:
单 册:
中图分类: K928.4
科图分类:
主题词: 古水道--四川
电子资源:
ISBN:
000 00569nam0 2200229 45
001 0185010131
005 20061120111214.60
010    @dCNY3.75
091    @aCN@b12329.1
100    @a19901008g1985 emky0chiy0121 ea
101 0  @achi
102    @aCN@b510000
105    @af z 000yy
200 10 @a蜀水经@h上册@Ashu shui jing@f(清)李元撰
210    @a成都@c巴蜀书社@d1985
215    @a1册@d19cm
606    @a古水道@y四川
690    @aK928.4@v3
701  0 @a李元@Ali yuan@f清@4撰
801  2 @aCN@bNLC@c20061120
801  0 @aCN@bTSSF
905    @a10447@dK928.4@e184:1
    
    蜀水经.上册/(清)李元撰.-成都:巴蜀书社,1985
    1册;19cm
    
    
    ISBN :CNY3.75
    
●
相关链接 在E读中查询图书 在五车中查询图书 在当当中查询图书 在豆瓣中查询图书


正题名:蜀水经     索取号:K928.4/184:1         预约/预借

序号 登录号 条形码 馆藏地/架位号 状态 备注
1 0257249   000084232   第二样本阅览室/ [索取号:K928.4/184:1] 在馆    
唐山师范学院图书馆 欢迎您!
大连网信软件有限公司© 版权所有